[Event "XXVII OOM - Mistrzostwa Polski Juniorow Mlodszych - Chlopcy do lat 14"]
[Site "ApartHotel Termy Uniejow, ul. Termalna 1, 99-210 Uniejow"]
[Date "1899-12-30"]
[Round "6.8"]
[White "Krawczyk, Flawian"]
[Black "Stanislawski, Karol"]
[Result "1/2-1/2"]
[WhiteTitle "I++"]
[BlackTitle "I"]
[WhiteElo "1984"]
[BlackElo "1621"]

1. d4 d6 2. Nf3 f5 3. c4 Nf6 4. Nc3 g6 5. g3 Bg7 6. Bg2 O-O 7. O-O c6 8. b3 Qe8
9. Ba3 Nbd7 10. Qc2 Rb8 11. Ng5 Nb6 12. e4 h6 13. Nf3 fxe4 14. Nxe4 Nxe4 15. Qxe4
Bf5 16. Qe3 Bg4 17. h3 Bxf3 18. Bxf3 Bxd4 19. Qxd4 Rxf3 20. Bb2 Rf6 21. Qe3 e5
22. Qxh6 Qf7 23. c5 Nd7 24. cxd6 Rf8 25. Qe3 Rf3 26. Qe2 Qf5 27. Qc4+ Kg7 28.
Qg4 Qf7 29. Kh1 Qd5 30. Kg1 Qf7 1/2-1/2

[Event "XXVII OOM - Mistrzostwa Polski Juniorow Mlodszych - Chlopcy do lat 14"]
[Site "ApartHotel Termy Uniejow, ul. Termalna 1, 99-210 Uniejow"]
[Date "1899-12-30"]
[Round "6.9"]
[White "Grzebieniowski, Michal"]
[Black "Pancewicz, Szymon"]
[Result "0-1"]
[WhiteTitle "I"]
[BlackTitle "I+"]
[WhiteElo "1663"]
[BlackElo "1872"]

1. d4 d5 2. c4 e6 3. Nc3 Nf6 4. cxd5 exd5 5. Bg5 Be7 6. Qc2 O-O 7. e3 c6 8. Bd3
Nbd7 9. Nge2 Re8 10. O-O Ne4 11. Bf4 Nxc3 12. bxc3 Nf6 13. f3 c5 14. e4 c4 0-1

[Event "XXVII OOM - Mistrzostwa Polski Juniorow Mlodszych - Chlopcy do lat 14"]
[Site "ApartHotel Termy Uniejow, ul. Termalna 1, 99-210 Uniejow"]
[Date "1899-12-30"]
[Round "6.10"]
[White "Grzadka, Artur"]
[Black "Kazmierowski, Tymon"]
[Result "1/2-1/2"]
[WhiteTitle "I"]
[BlackTitle "I+"]
[WhiteElo "1536"]
[BlackElo "1782"]

1. d4 Nf6 2. c4 e6 3. Nf3 d5 4. Nc3 Bb4 5. Qc2 O-O 6. cxd5 exd5 7. Bg5 Be6 8. e3
Nbd7 9. Bd3 h6 10. Bf4 c6 11. O-O Rc8 12. Na4 Be7 13. Nc5 Nxc5 14. dxc5 Qa5 15.
Rfc1 Nd7 16. b4 Qxb4 17. Rab1 Qxc5 18. Rxb7 Qxc2 19. Bxc2 Bf6 20. Ba4 Nb6 21.
Rxa7 Nxa4 22. Rxa4 Ra8 23. Rxa8 Rxa8 24. Rxc6 Rxa2 25. h3 Kh7 26. Rc1 Ra4 27.
Be5 Bxe5 28. Nxe5 d4 29. exd4 Rxd4 30. Rc7 f6 1/2-1/2

[Event "XXVII OOM - Mistrzostwa Polski Juniorow Mlodszych - Chlopcy do lat 14"]
[Site "ApartHotel Termy Uniejow, ul. Termalna 1, 99-210 Uniejow"]
[Date "1899-12-30"]
[Round "6.11"]
[White "Musial, Igor"]
[Black "Jaworski, Tymon"]
[Result "1-0"]
[WhiteTitle "I"]
[BlackTitle "I"]
[WhiteElo "1903"]
[BlackElo "1616"]

1. e4 e5 2. Nf3 Nc6 3. Bb5 a6 4. Ba4 Nf6 5. O-O Be7 6. Re1 b5 7. Bb3 d6 8. c3 O-O
9. h3 Bb7 10. d4 Re8 11. a3 h6 12. Nbd2 Bf8 13. Bc2 Nb8 14. b4 Nbd7 15. Bb2 Rb8
16. c4 g6 17. Rc1 bxc4 18. dxe5 Nxe5 19. Nxe5 dxe5 20. Nxc4 Nd7 21. Ba4 Re7 22.
Na5 Ba8 23. Nc6 Bxc6 24. Rxc6 a5 25. Bc3 Nb6 26. Bb3 axb4 27. Qxd8 Rxd8 28. Bxb4
Red7 29. Rxg6+ Kh7 30. Rc6 Bxb4 31. axb4 Kg7 32. Re3 Nc8 33. Rec3 Nd6 34. Bd5
Rb8 35. Rxc7 Rxc7 36. Rxc7 Rxb4 37. Rd7 Nxe4 38. Rxf7+ Kg6 39. Rb7 Rd4 40. Bxe4+
Rxe4 41. Rb6+ Kg5 42. g3 Re1+ 43. Kg2 e4 44. Re6 Kh5 45. h4 e3 46. Rxe3 Ra1 47.
Re6 Rb1 48. Re5+ Kg6 49. g4 Rb3 50. f3 Rb2+ 51. Kg3 Rb1 52. h5+ Kg7 53. Re7+ Kg8
54. Kf4 Rb4+ 55. Kf5 Rb3 56. f4 Rb5+ 57. Re5 1-0

[Event "XXVII OOM - Mistrzostwa Polski Juniorow Mlodszych - Chlopcy do lat 14"]
[Site "ApartHotel Termy Uniejow, ul. Termalna 1, 99-210 Uniejow"]
[Date "1899-12-30"]
[Round "6.12"]
[White "Wiatrowski, Zbigniew"]
[Black "Trzebinski, Patryk"]
[Result "1-0"]
[WhiteTitle "I"]
[BlackTitle "I+"]
[WhiteElo "1860"]
[BlackElo "1609"]

1. e4 d5 2. exd5 Nf6 3. d4 Nxd5 4. Nf3 Bg4 5. Be2 e6 6. O-O Be7 7. c4 Nb6 8. Nc3
O-O 9. Be3 Nc6 10. b3 f5 11. Ne5 Bxe2 12. Nxe2 Nxe5 13. dxe5 g5 14. Bxb6 axb6
15. Nd4 Qd7 16. Nxf5 Qxd1 17. Nxe7+ Kf7 18. Raxd1 Kxe7 19. Rd2 Rf5 20. Rfd1 Rxe5
21. Rd7+ Ke8 22. Rxh7 Rxa2 23. Rxc7 Rd2 24. Rf1 Rb2 25. Rxb7 Rxb3 26. h4 gxh4
27. Ra1 Rd3 28. Ra8+ Rd8 29. Raa7 Rh5 30. Rxb6 e5 31. Kh2 Rc8 32. Kh3 Rf5 33.
f3 Rf7 34. Re6+ Kf8 35. Rxf7+ Kxf7 36. Rxe5 Rxc4 37. Rh5 Kg6 38. Rxh4 Rc5 39.
Ra4 Kg5 40. Kg3 Kf5 41. Rh4 Kg5 42. f4+ Kg6 43. Kg4 Rc4 44. g3 Rb4 45. Rh5 Ra4
46. Rb5 Ra6 47. Rb4 Ra5 48. Rb6+ Kf7 49. f5 Kg7 50. Kg5 Ra7 51. g4 Rc7 52. Kh5
Rc1 53. Ra6 Rc5 54. Kg5 Rc7 55. Rg6+ Kf7 56. Rh6 Kg7 57. f6+ Kg8 58. Kg6 Rg7+
59. Kf5 Ra7 60. g5 1-0

[Event "XXVII OOM - Mistrzostwa Polski Juniorow Mlodszych - Chlopcy do lat 14"]
[Site "ApartHotel Termy Uniejow, ul. Termalna 1, 99-210 Uniejow"]
[Date "1899-12-30"]
[Round "6.13"]
[White "Pieczulis, Hubert"]
[Black "Kutowski, Marcel"]
[Result "0-1"]
[WhiteTitle "I"]
[BlackTitle "I"]
[WhiteElo "1445"]
[BlackElo "1712"]

1. e4 c6 2. d4 d5 3. Nc3 dxe4 4. Nxe4 Bf5 5. Ng3 Bg6 6. h4 h6 7. Nf3 Nd7 8. h5
Bh7 9. Bd3 Bxd3 10. Qxd3 e6 11. Bd2 Ngf6 12. O-O-O Be7 13. Kb1 Qb6 14. Ne4 Nxe4
15. Qxe4 Nf6 16. Qe2 c5 17. dxc5 Qxc5 18. Be3 Qa5 19. Bd2 Qb6 20. Be3 Bc5 21.
Bxc5 Qxc5 22. Ne5 Rc8 23. f4 O-O 24. g4 Nd5 25. Rxd5 Qxd5 26. Rd1 Qa5 27. g5 hxg5
28. fxg5 Rfd8 29. Nxf7 Rxd1+ 30. Qxd1 Qd5 31. Qf1 Qf5 32. Qxf5 exf5 33. g6 Re8
34. c4 f4 35. Ng5 Re5 36. Nh3 f3 37. Kc1 Rxh5 38. Nf2 Rh2 39. Ng4 Rg2 40. Ne3
Re2 0-1

[Event "XXVII OOM - Mistrzostwa Polski Juniorow Mlodszych - Chlopcy do lat 14"]
[Site "ApartHotel Termy Uniejow, ul. Termalna 1, 99-210 Uniejow"]
[Date "1899-12-30"]
[Round "6.14"]
[White "Krasniewski, Maciej"]
[Black "Malinowski, Szymon"]
[Result "1/2-1/2"]
[WhiteTitle "I"]
[BlackTitle "I"]
[WhiteElo "1572"]
[BlackElo "1662"]

1. d4 d5 2. c4 e6 3. cxd5 exd5 4. Nc3 Nf6 5. Bg5 Be7 6. e3 c6 7. Bd3 O-O 8. Qc2
Nbd7 9. Nge2 Re8 10. O-O Nf8 11. Rad1 h6 12. Bh4 g5 13. Bg3 Kg7 14. Rfe1 Ng6 15.
f3 Bd6 16. Bxg6 fxg6 17. e4 Bxg3 18. Nxg3 Be6 19. e5 Ng8 20. Na4 Ne7 21. Nc5 Qc8
22. Qb3 Rb8 23. Nxe6+ Qxe6 24. Ne4 Nf5 25. Nf6 Re7 26. Qd3 Rh8 27. g4 Nh4 28.
Rf1 h5 29. Qe3 hxg4 30. fxg4 c5 31. Qxg5 cxd4 32. Nxd5 Rd7 33. Qf6+ Qxf6 34. Nxf6
Re7 35. Rxd4 Rxe5 36. Ne4 Rhe8 37. Nf6 R8e7 38. Rd8 Re2 39. Rd7 Rxd7 40. Nxd7
Rxb2 41. Rf2 Rb1+ 42. Rf1 Rb4 43. h3 Ra4 44. Ne5 Rxa2 45. Rf7+ Kh6 46. Rxb7 Kg5
47. Rf7 a5 48. Nf3+ Nxf3+ 49. Rxf3 Ra4 50. Kg2 Rf4 51. Ra3 a4 52. Kg3 Rb4 53.
Kf2 Kf4 54. Rf3+ Ke5 55. Ra3 g5 56. Ke2 Rd4 57. Ke3 Kd5 58. Rc3 Rb4 59. Rc8 Rb3+
60. Kd2 Ke5 61. Rf8 Rxh3 62. Rf5+ Kd4 63. Rxg5 Rh2+ 64. Kc1 Kc3 65. Rc5+ Kb4 66.
Rc2 Rh1+ 67. Kb2 Rg1 68. g5 1/2-1/2

[Event "XXVII OOM - Mistrzostwa Polski Juniorow Mlodszych - Chlopcy do lat 14"]
[Site "ApartHotel Termy Uniejow, ul. Termalna 1, 99-210 Uniejow"]
[Date "1899-12-30"]
[Round "6.15"]
[White "Duda, Szymon"]
[Black "Kusiak, Mateusz"]
[Result "1-0"]
[WhiteTitle "I"]
[BlackTitle "I+"]
[WhiteElo "1413"]
[BlackElo "1634"]

1. d4 Nf6 2. Nf3 g6 3. c4 c5 4. e3 Bg7 5. b3 O-O 6. Bb2 d5 7. Be2 cxd4 8. exd4
b6 9. O-O e6 10. Nbd2 Ne4 11. cxd5 exd5 12. Ne5 Bb7 13. Rc1 Nd7 14. Nxe4 dxe4
15. Ba3 Re8 16. Bb5 Nxe5 17. Bxe8 Nd3 18. Bc6 Ba6 19. Bxa8 Nxc1 20. Bxe4 Bxf1
21. Kxf1 Nxa2 22. Qc2 Bxd4 23. Qxa2 Bb2 24. g3 Qd1+ 25. Kg2 Bxa3 26. Qxa3 Qd7
27. Qa4 Qe7 28. Qc6 Qe5 29. Bf3 Kg7 30. Qb7 Qe6 31. Qd5 Qe7 32. Qd4+ Kg8 33. Qe4
Qd7 34. Qe5 Qd8 35. h4 Qd7 36. g4 Qd8 37. Kg3 Qd7 38. h5 1-0

[Event "XXVII OOM - Mistrzostwa Polski Juniorow Mlodszych - Chlopcy do lat 14"]
[Site "ApartHotel Termy Uniejow, ul. Termalna 1, 99-210 Uniejow"]
[Date "1899-12-30"]
[Round "6.16"]
[White "Nagly, Wojciech"]
[Black "Grot, Blazej"]
[Result "0-1"]
[WhiteTitle "II"]
[BlackTitle "CM"]
[WhiteElo "1514"]
[BlackElo "1786"]

1. e4 c5 2. Nf3 Nf6 3. e5 Nd5 4. c3 Nc6 5. d4 cxd4 6. cxd4 d6 7. Bc4 Nb6 8. Bb3
dxe5 9. dxe5 Qxd1+ 10. Bxd1 Bf5 11. O-O O-O-O 12. Bb3 e6 13. Be3 Nd5 14. Bg5 Be7
15. Bxd5 Rxd5 16. Bxe7 Nxe7 17. Nc3 Rd3 18. Nb5 Kb8 19. Rad1 Nc8 20. Nh4 Rhd8
21. Rxd3 Rxd3 22. Nxf5 exf5 23. Na3 Rd2 24. Nc4 Re2 25. a4 Nb6 26. Nd6 Rxe5 27.
Nxf7 Re7 28. Nd6 Nxa4 29. Nxf5 Rf7 30. Nd6 Rd7 31. Nc4 b5 32. Ne5 Rd5 33. Nc6+
Kb7 34. Na5+ Kb6 35. Nb3 Nxb2 36. f4 a5 37. f5 Rd1 38. g4 a4 39. Nc1 Rxf1+ 40.
Kxf1 Nc4 41. Ke2 b4 42. Nd3 b3 43. g5 a3 44. g6 hxg6 45. Kd1 a2 46. fxg6 a1=Q+
47. Ke2 Ne5 48. Nf4 Qb2+ 49. Ke3 Qxh2 50. Nd5+ Kc5 51. Nf4 Nxg6 52. Nxg6 Qg3+
53. Kd2 Qxg6 54. Ke1 Qc2 55. Kf1 b2 56. Ke1 b1=R# 0-1

[Event "XXVII OOM - Mistrzostwa Polski Juniorow Mlodszych - Chlopcy do lat 14"]
[Site "ApartHotel Termy Uniejow, ul. Termalna 1, 99-210 Uniejow"]
[Date "1899-12-30"]
[Round "6.17"]
[White "Nowak, Filip"]
[Black "Sniadecki, Oskar"]
[Result "1-0"]
[WhiteTitle "I"]
[BlackTitle "I"]
[WhiteElo "1745"]
[BlackElo "1488"]

1. e4 c5 2. Nf3 d6 3. d4 cxd4 4. Nxd4 Nf6 5. Nc3 g6 6. Be3 Bg7 7. f3 O-O 8. Qd2
Nc6 9. O-O-O Nxd4 10. Bxd4 Be6 11. Kb1 Qc7 12. h4 h5 13. g4 Nxg4 14. Bxg7 Kxg7
15. fxg4 Bxg4 16. Be2 Bxe2 17. Qxe2 Kh7 18. Rhg1 Rh8 19. Rdf1 Kg7 20. Nd5 Qc5
21. Nxe7 Rae8 22. Nf5+ Kg8 23. Qf3 Rf8 24. Ne7+ Kh7 25. Qxf7+ Rxf7 26. Rxf7+ Kh6
27. Rxg6# 1-0

[Event "XXVII OOM - Mistrzostwa Polski Juniorow Mlodszych - Chlopcy do lat 14"]
[Site "ApartHotel Termy Uniejow, ul. Termalna 1, 99-210 Uniejow"]
[Date "1899-12-30"]
[Round "6.18"]
[White "Gbiorczyk, Mikolaj"]
[Black "Wydmanski, Szymon"]
[Result "0-1"]
[WhiteTitle "II"]
[BlackTitle "I"]
[WhiteElo "1467"]
[BlackElo "1697"]

1. e4 c5 2. c3 e5 3. Nf3 Nc6 4. Bc4 Nf6 5. Ng5 d5 6. exd5 Nxd5 7. Qf3 Qxg5 8. Bxd5
Qg6 9. Na3 Be7 10. Nc4 Bd7 11. O-O O-O 12. Be4 Qf6 13. Qd3 Rad8 14. Bxh7+ Kh8
15. Be4 Bg4 16. Qe3 Qe6 17. d3 b5 18. Nd2 f5 19. Bxc6 Qxc6 20. f4 e4 21. dxe4
c4 22. Kh1 Rd3 23. Qe1 Bc5 24. Nf3 Bxf3 25. Rxf3 Qxe4 26. Rh3+ Rxh3 27. Qxe4 fxe4
28. gxh3 Rd8 29. Kg2 Rd1 30. Be3 Rxa1 31. Bxc5 Kh7 32. a3 Kg6 33. Bxa7 Kf5 34.
Be3 Rb1 35. Kg3 Rxb2 36. h4 g6 0-1

[Event "XXVII OOM - Mistrzostwa Polski Juniorow Mlodszych - Chlopcy do lat 14"]
[Site "ApartHotel Termy Uniejow, ul. Termalna 1, 99-210 Uniejow"]
[Date "1899-12-30"]
[Round "6.19"]
[White "Wieckowski, Michal"]
[Black "Partyka, Wiktor"]
[Result "1-0"]
[WhiteTitle "I"]
[BlackTitle "II"]
[WhiteElo "1614"]
[BlackElo "1254"]

1. b3 e6 2. Bb2 d5 3. f4 c5 4. Nf3 Nc6 5. e3 Nf6 6. Bb5 Bd7 7. O-O a6 8. Bxc6 Bxc6
9. Qe1 Be7 10. d3 Qb6 11. Ne5 Rg8 12. Nd2 Nd7 13. c4 f6 14. Nxc6 Qxc6 15. d4 Nb6
16. Rc1 Rc8 17. Qh4 h6 18. f5 Qd7 19. fxe6 Qxe6 20. e4 dxc4 21. d5 Qf7 22. bxc4
Nd7 23. Qh3 Kd8 24. e5 Qg6 25. d6 Bf8 26. e6 Bxd6 27. exd7 Rc7 28. Qe6 Rxd7 29.
Qxg8+ Kc7 30. Nf3 Qd3 31. Qe6 Re7 32. Qd5 Qg6 33. Rce1 Rd7 34. Qe4 Qh5 35. Bc3
g5 36. Qe8 Qg4 37. Qe6 Qxe6 38. Rxe6 f5 39. Ne5 Bxe5 40. Bxe5+ Kd8 41. Rxf5 Re7
42. Rxe7 Kxe7 43. Rf6 1-0

[Event "XXVII OOM - Mistrzostwa Polski Juniorow Mlodszych - Chlopcy do lat 14"]
[Site "ApartHotel Termy Uniejow, ul. Termalna 1, 99-210 Uniejow"]
[Date "1899-12-30"]
[Round "6.20"]
[White "Borowik, Karol"]
[Black "Miler, Franciszek"]
[Result "1/2-1/2"]
[WhiteTitle "II"]
[BlackTitle "I"]
[WhiteElo "1370"]
[BlackElo "1517"]

1. d4 Nf6 2. c4 g6 3. Nc3 Bg7 4. Nf3 O-O 5. e4 d6 6. Be2 Nc6 7. O-O e5 8. d5 Ne7
9. Ne1 Nd7 10. Be3 f5 11. f3 f4 12. Bf2 g5 13. Nd3 Nf6 14. b4 Rf7 15. c5 Bf8 16.
Be1 h5 17. Nf2 Rg7 18. g4 hxg4 19. fxg4 Ng6 20. cxd6 cxd6 21. a4 Nh4 22. h3 Qb6
23. a5 Qe3 24. Qd3 Qxd3 25. Nxd3 Ng6 26. Kg2 Bd7 27. Bf2 Rc8 28. Rac1 Be8 29.
Bf3 Rgc7 30. Ne2 Ne7 31. Bxa7 Nexd5 32. Rxc7 Nxc7 33. Rc1 Bc6 34. Nc3 Re8 35.
Nf2 d5 36. Nxd5 Ncxd5 37. exd5 Bxd5 38. Bxd5+ Nxd5 39. Bc5 e4 40. Re1 Bxc5 41.
bxc5 f3+ 42. Kg3 Nc3 43. Re3 Ne2+ 44. Kh2 Ra8 45. Rxf3 exf3 1/2-1/2

[Event "XXVII OOM - Mistrzostwa Polski Juniorow Mlodszych - Chlopcy do lat 14"]
[Site "ApartHotel Termy Uniejow, ul. Termalna 1, 99-210 Uniejow"]
[Date "1899-12-30"]
[Round "6.21"]
[White "Turowski, Maciej"]
[Black "Kubik, Rafal"]
[Result "1/2-1/2"]
[WhiteTitle "II"]
[BlackTitle "I"]
[WhiteElo "1447"]
[BlackElo "1738"]

1. Nf3 Nf6 2. c4 g6 3. g3 c6 4. Bg2 Bg7 5. O-O O-O 6. Nc3 d5 7. cxd5 cxd5 8. d4
Ne4 9. Nxe4 dxe4 10. Ne5 Nd7 11. Nxd7 Qxd7 12. e3 f5 13. b3 b6 14. Bb2 Ba6 15.
Re1 Rac8 16. Bf1 Bxf1 17. Kxf1 e6 18. Qe2 Rfd8 19. Rac1 Bf8 20. Rxc8 Rxc8 21.
Rc1 Rxc1+ 22. Bxc1 b5 23. Qc2 a6 24. Bd2 Kf7 25. Ba5 Bd6 26. Ke2 Ke8 27. Qc3 Qb7
28. Bb4 Qc7 29. Kd2 Qxc3+ 30. Kxc3 Bc7 31. Bc5 Kd7 32. Bf8 Kc6 33. Be7 Kd5 34.
Kb4 Bb6 35. Kc3 e5 36. dxe5 Kxe5 37. Kd2 Ba5+ 38. Ke2 Kd5 39. h4 h5 40. Ba3 Bc3
41. Be7 a5 42. Bf8 a4 43. Be7 Kc6 44. Bf8 axb3 45. axb3 Kb6 46. Be7 Ka5 47. Bd6
Bf6 48. Bc5 g5 49. hxg5 Bxg5 50. f4 Bf6 51. Bd6 Bc3 52. Bc5 Ka6 53. Bd6 Kb6 54.
Be7 Kc6 55. Bf8 Kd5 56. Be7 Ba5 57. Bf8 Bb6 58. Bb4 Bd8 59. Bf8 h4 60. gxh4 Bxh4
61. Bb4 Bf6 62. Bf8 Bc3 63. Be7 Ke6 64. Bc5 Kf6 65. Bf8 Ke6 1/2-1/2

[Event "XXVII OOM - Mistrzostwa Polski Juniorow Mlodszych - Chlopcy do lat 14"]
[Site "ApartHotel Termy Uniejow, ul. Termalna 1, 99-210 Uniejow"]
[Date "1899-12-30"]
[Round "6.22"]
[White "Urban, Szymon"]
[Black "Klim, Filip"]
[Result "0-1"]
[WhiteTitle "II"]
[BlackTitle "I++"]
[WhiteElo "1312"]
[BlackElo "2062"]

1. e4 c5 2. Nf3 d6 3. d4 cxd4 4. Nxd4 Nf6 5. Nc3 a6 6. Be3 e5 7. Nb3 Be6 8. Be2
Be7 9. O-O Nbd7 10. Qd2 O-O 11. f3 b5 12. a3 Nb6 13. Kh1 Nc4 14. Bxc4 bxc4 15.
Nc1 Rb8 16. Rb1 d5 17. exd5 Nxd5 18. N1e2 Nxe3 19. Qxe3 Qc7 20. Ne4 h6 21. Qc3
Rb6 22. b4 Rfb8 23. Rbd1 a5 24. bxa5 Ra6 25. f4 Bg4 26. N4g3 Rxa5 27. Rde1 Bxa3
28. Qe3 exf4 29. Nxf4 Bd6 30. h3 Re5 31. Ne4 Rbe8 32. Qd4 Bf5 33. Nd5 Qd8 34.
Ndc3 Bb4 35. Qxd8 Rxd8 36. Nf6+ gxf6 37. Rxe5 fxe5 38. Na2 Ba5 39. Rxf5 Rd1+ 40.
Kh2 Ra1 41. g3 Rxa2 42. Rf2 e4 43. Kg2 e3 44. Re2 Bd2 45. c3 Rc2 0-1

[Event "XXVII OOM - Mistrzostwa Polski Juniorow Mlodszych - Chlopcy do lat 14"]
[Site "ApartHotel Termy Uniejow, ul. Termalna 1, 99-210 Uniejow"]
[Date "1899-12-30"]
[Round "6.23"]
[White "Borowik, Wojciech"]
[Black "Ugorek, Kacper"]
[Result "1-0"]
[WhiteTitle "I+"]
[BlackTitle "I"]
[WhiteElo "1736"]
[BlackElo "1569"]

1. d4 Nf6 2. Nf3 g6 3. c4 Bg7 4. g3 d5 5. cxd5 Nxd5 6. Bg2 O-O 7. O-O e6 8. e4
Nb6 9. b3 N8d7 10. a4 a5 11. Ba3 Re8 12. Nc3 e5 13. d5 f5 14. Nd2 Nf6 15. f3 f4
16. Nc4 Nxc4 17. bxc4 b6 18. Nb5 Bd7 19. Rc1 Bf8 20. Bxf8 Kxf8 21. c5 Bxb5 22.
axb5 Rc8 23. Bh3 Rb8 24. cxb6 Rxb6 25. Qa4 fxg3 26. hxg3 Nh5 27. Kg2 Qg5 28. Bg4
Qd2+ 29. Kh3 Re7 30. Ra1 Ng7 31. Qxa5 Qe2 32. f4 Qxe4 33. fxe5+ Kg8 34. d6 cxd6
35. Qxb6 h5 36. Bc8 Rxe5 37. Qxd6 g5 38. Qf8+ Kh7 39. Rf7 g4+ 40. Kh4 Qg6 41.
Rxg7+ Qxg7 42. Qxg7+ Kxg7 43. b6 Kg6 44. b7 Re2 45. Ra6+ Kg7 46. b8=Q Re7 47.
Ra7 Rxa7 48. Qxa7+ Kg6 49. Qb6+ Kf7 50. Kg5 h4 51. Qc7+ Ke8 52. Kf6 h3 53. Qe7#
1-0

[Event "XXVII OOM - Mistrzostwa Polski Juniorow Mlodszych - Chlopcy do lat 14"]
[Site "ApartHotel Termy Uniejow, ul. Termalna 1, 99-210 Uniejow"]
[Date "1899-12-30"]
[Round "6.24"]
[White "Rylski, Tadeusz"]
[Black "Zieba, Hubert"]
[Result "1/2-1/2"]
[WhiteTitle "I"]
[BlackTitle "I"]
[WhiteElo "1644"]
[BlackElo "1417"]

1. d4 Nf6 2. c4 c5 3. d5 b5 4. cxb5 a6 5. e3 d6 6. Nc3 g6 7. Nf3 Bg7 8. e4 O-O
9. Bg5 Nbd7 10. bxa6 Bxa6 11. Bxa6 Rxa6 12. O-O Qb6 13. Qc2 Rb8 14. Rab1 Kf8 15.
h3 Ne8 16. Rfe1 Nc7 17. Bf4 Nb5 18. Nxb5 Qxb5 19. b3 Qa5 20. Re2 Rba8 21. a4 Rb8
22. e5 Qb4 23. Re4 Qb7 24. Qd3 Nxe5 25. Nxe5 Bxe5 26. Bxe5 dxe5 27. Qc4 Rb6 28.
Rxe5 Rxb3 29. Rxb3 Qxb3 30. Qxc5 Qb1+ 31. Kh2 Qb4 32. Qe3 Ra8 33. Re4 Qd6+ 34.
g3 Qxd5 35. Rxe7 Rxa4 36. Re5 Qd7 37. Qc5+ Kg8 38. Rd5 Qe8 39. Re5 Qf8 40. Qc6
Ra8 41. h4 Rc8 42. Qe4 Qg7 43. Qe3 h5 1/2-1/2

[Event "XXVII OOM - Mistrzostwa Polski Juniorow Mlodszych - Chlopcy do lat 14"]
[Site "ApartHotel Termy Uniejow, ul. Termalna 1, 99-210 Uniejow"]
[Date "1899-12-30"]
[Round "6.25"]
[White "Leszcz, Mateusz"]
[Black "Jendrowiak, Maciej"]
[Result "1/2-1/2"]
[WhiteTitle "II"]
[BlackTitle "II+"]
[WhiteElo "1386"]
[BlackElo "1472"]

1. e4 e6 2. d3 d5 3. Nd2 Nf6 4. Ngf3 Be7 5. g3 O-O 6. Bg2 c5 7. O-O Nc6 8. Re1
Qc7 9. h4 b6 10. Nf1 Bb7 11. e5 Nd7 12. Bf4 b5 13. N1h2 c4 14. c3 Nc5 15. Bf1
a5 16. d4 Na4 17. Qc2 Nb6 18. h5 b4 19. Ng4 Qd8 20. Bh3 a4 21. a3 bxa3 22. bxa3
Na5 23. Reb1 Nb3 24. Ra2 Ra5 25. Ne3 Na8 26. Qb2 Nc7 27. Nc2 Nb5 28. Nb4 Qb6 29.
Qc2 Raa8 30. Bg5 Qd8 31. Bf4 Na7 32. Re1 Nc6 33. Kg2 1/2-1/2

[Event "XXVII OOM - Mistrzostwa Polski Juniorow Mlodszych - Chlopcy do lat 14"]
[Site "ApartHotel Termy Uniejow, ul. Termalna 1, 99-210 Uniejow"]
[Date "1899-12-30"]
[Round "6.26"]
[White "Wasilewski, Stanislaw"]
[Black "Garwacki, Kornel"]
[Result "1/2-1/2"]
[WhiteTitle "II"]
[BlackTitle "I"]
[WhiteElo "1319"]
[BlackElo "1478"]

1. Nf3 Nf6 2. c4 g6 3. Nc3 Bg7 4. g3 O-O 5. Bg2 d6 6. d4 Nbd7 7. O-O a5 8. e4 e5
9. Be3 exd4 10. Bxd4 Re8 11. Re1 c6 12. Qc2 Ne5 13. Nxe5 dxe5 14. Be3 Be6 15.
Rad1 Qc7 16. b3 Ng4 17. Bc1 f5 18. Ba3 Rad8 19. Na4 b6 20. Re2 Rxd1+ 21. Qxd1
Rd8 22. Rd2 Rxd2 23. Qxd2 Bf8 24. Bxf8 Kxf8 25. h3 Nf6 26. exf5 Bxf5 27. Qe3 c5
28. Qh6+ Kg8 29. g4 Be6 30. Qe3 Qd6 1/2-1/2

[Event "XXVII OOM - Mistrzostwa Polski Juniorow Mlodszych - Chlopcy do lat 14"]
[Site "ApartHotel Termy Uniejow, ul. Termalna 1, 99-210 Uniejow"]
[Date "1899-12-30"]
[Round "7.1"]
[White "Klimkowski, Jan"]
[Black "Maslanka, Wojciech"]
[Result "1-0"]
[WhiteTitle "FM"]
[BlackTitle "I"]
[WhiteElo "2322"]
[BlackElo "1943"]

1. e4 c5 2. Nf3 e6 3. d4 cxd4 4. Nxd4 Nf6 5. Nc3 Nc6 6. Nxc6 bxc6 7. e5 Nd5 8.
Ne4 Qc7 9. f4 Qb6 10. c4 Bb4+ 11. Ke2 f5 12. exf6 Nxf6 13. Be3 Qd8 14. Nd6+ Bxd6
15. Qxd6 Qe7 16. Bc5 Qxd6 17. Bxd6 Ne4 18. Be5 O-O 19. Ke3 d5 20. Bd3 Nf6 21.
Bd6 Re8 22. c5 a5 23. Bc2 Ba6 24. a3 Ra7 25. Rab1 Ng4+ 26. Kd4 Nh6 27. Rhe1 g6
28. Re3 Bc8 29. Rb3 Nf5+ 30. Bxf5 exf5 31. Be5 Ba6 32. a4 Kf7 33. Rb6 Rc8 34.
Re1 Bb7 35. Bd6 Ba6 36. h3 h5 37. g3 Kg7 38. Be7 Bf1 39. Bg5 Bxh3 40. Re6 Rac7
41. Bf6+ Kf7 42. Rd6 g5 43. fxg5 Re8 44. g6+ Kg8 45. Rbxc6 Rb7 46. Rb6 Rc7 47.
c6 Re4+ 48. Kxd5 Rc8 49. c7 Bg2 50. Rd8+ Re8+ 51. Kd6 1-0

[Event "XXVII OOM - Mistrzostwa Polski Juniorow Mlodszych - Chlopcy do lat 14"]
[Site "ApartHotel Termy Uniejow, ul. Termalna 1, 99-210 Uniejow"]
[Date "1899-12-30"]
[Round "7.2"]
[White "Herwy, Jakub"]
[Black "Fiszer, Bartosz"]
[Result "0-1"]
[WhiteTitle "I+"]
[BlackTitle "CM"]
[WhiteElo "1916"]
[BlackElo "2216"]

1. e4 c5 2. d3 Nc6 3. f4 g6 4. Nf3 Bg7 5. Be2 d6 6. O-O b5 7. c3 b4 8. Be3 Nf6
9. Kh1 O-O 10. Qc2 Rb8 11. Nbd2 Ba6 12. Rfe1 Qd7 13. Nb3 Rfc8 14. Bxc5 Ng4 15.
Rac1 bxc3 16. bxc3 Rxb3 17. axb3 dxc5 18. h3 Nf6 19. g4 Rd8 20. Rcd1 Qc7 21. Qc1
Qb7 22. Qc2 Qb8 23. e5 Nd5 24. d4 Ne3 25. Qe4 Bxe2 26. Qxe3 Bxd1 27. Rxd1 Qxb3
28. Rd3 cxd4 29. cxd4 Qb1+ 30. Kh2 Nb4 31. e6 Qxd3 32. exf7+ Kf8 0-1

[Event "XXVII OOM - Mistrzostwa Polski Juniorow Mlodszych - Chlopcy do lat 14"]
[Site "ApartHotel Termy Uniejow, ul. Termalna 1, 99-210 Uniejow"]
[Date "1899-12-30"]
[Round "7.3"]
[White "Malek, Jan"]
[Black "Rog, Bartlomiej"]
[Result "1/2-1/2"]
[WhiteTitle "I++"]
[BlackTitle "I++"]
[WhiteElo "2097"]
[BlackElo "1867"]

1. e4 c5 2. c3 g6 3. d4 cxd4 4. cxd4 d5 5. e5 Bg7 6. Nc3 Nc6 7. Bb5 a6 8. Bxc6+
bxc6 9. Nf3 Bg4 10. Qa4 Bd7 11. Qa3 Nh6 12. O-O O-O 13. Na4 f6 14. Nc5 Bg4 15.
h3 Bxf3 16. Ne6 Qd7 17. Nxg7 Kxg7 18. Bxh6+ Kxh6 19. Qxf3 Kg7 20. Qe2 Qa7 21.
Rfd1 c5 22. dxc5 Qxc5 23. Rac1 Qa5 24. exf6+ exf6 25. Qe6 Rad8 26. Rc6 Rf7 27.
Rxa6 Qb4 28. Qb6 Qe7 29. Ra5 d4 30. Ra4 Rd6 31. Qb3 Qe2 32. Ra3 Rc7 33. Ra8 Re6
34. Kh2 Rce7 35. Rd8 Qxf2 36. R8xd4 Re3 37. Qb8 Re2 38. Rg4 Rxb2 39. Qd6 Qe2 40.
a4 Qe5+ 41. Qxe5 fxe5 42. Re1 Ra2 43. Rc4 1/2-1/2

[Event "XXVII OOM - Mistrzostwa Polski Juniorow Mlodszych - Chlopcy do lat 14"]
[Site "ApartHotel Termy Uniejow, ul. Termalna 1, 99-210 Uniejow"]
[Date "1899-12-30"]
[Round "7.4"]
[White "Janeczko, Jakub"]
[Black "Zalega, Maciej"]
[Result "1-0"]
[WhiteTitle "I++"]
[BlackTitle "I"]
[WhiteElo "1976"]
[BlackElo "1841"]

1. e4 c6 2. d4 d5 3. Nc3 dxe4 4. Nxe4 Bf5 5. Ng3 Bg6 6. h4 h6 7. Nf3 Nd7 8. h5
Bh7 9. Bd3 Bxd3 10. Qxd3 e6 11. Bd2 Qc7 12. O-O-O Ngf6 13. Ne4 O-O-O 14. c4 Nc5
15. Nxc5 Bxc5 16. Bc3 Rhe8 17. Qe2 Bf8 18. Ne5 Kb8 19. Rd2 Bd6 20. Rhd1 Nh7 21.
g3 f6 22. Ng6 Qd7 23. Qf3 Ng5 24. Qg2 Nf7 25. f4 Rc8 26. Re2 b5 27. c5 Bc7 28.
Rde1 Kb7 29. f5 e5 30. dxe5 Nxe5 31. Bxe5 Bxe5 32. Nxe5 Rxe5 33. Rxe5 fxe5 34.
Rxe5 Qd4 35. Qe4 Qd8 36. a4 a6 37. Re7+ Rc7 38. Rxc7+ Qxc7 39. axb5 axb5 40. g4
Qd8 41. Kc2 Qh4 42. Qd4 Qh2+ 43. Kb3 Qg3+ 44. Ka2 Qc7 45. Kb3 Qg3+ 46. Ka2 Qc7
47. Qd2 Qf7+ 48. Kb1 Qe7 49. Qd4 Qc7 50. Kc2 Qh2+ 51. Kd3 Qg3+ 52. Ke4 Qxg4+ 53.
Ke5 Qg2 54. Ke6 Ka6 55. b4 Qe2+ 56. Kd6 Qxh5 57. Qa1+ Kb7 58. Qxg7+ Ka6 59. Kc7
Qxf5 60. Qa1# 1-0